Erling Haaland Trivia ♡ Goal Machine - Statistics

General Stats
  • This quiz has been taken 74 times
  • The average score is 8 of 10
Answer Stats
Question Answer % Correct
Which club did Erling Haaland play for right before joining Man City in 2022? Borussia Dortmund
97%
Which club did Alf-Inge Haaland, Erling Haaland's dad play in? Man City
95%
Besides being Norwegian, which country's citizenship does Erling Haaland also hold? England
94%
Which major trophy has Erling Haaland NOT won? UEFA Nations League
92%
Who is Erling Haaland's biggest football idol? Cristiano Ronaldo
79%
Which award has Erling Haaland won? Gerd Muller Trophy
77%
Erling Haaland has scored the most goals in a single Premier League season (2022/2023) dating up to the 2024/2025 season. How many goals did he score that season? 36
74%
Who played with Erling Haaland as teammates at both Borussia Dortmund and Man City? Manuel Akanji
74%
Which special food does Erling Haaland's diet consist of? Cow hearts
71%
How old was Erling Haaland when he made his debut in Norway's second division? 15
50%
No matching quizzes found
Score Distribution
Percent of People with Each Score
Percentile by Number Answered
Your Score History
You have not taken this quiz